000 00528pab a2200121 454500
008 180718b xxu||||| |||| 00| 0 eng d
100 _aTripathi, Satish
245 _aMunicipal councils in Maharashtra: augmentation of financial resources through improvement of financial resources through improvement in consolidated property tax assessment
650 _a Property Taxes
650 _aMunicipal Government - India - Maharashtra
773 _aQuarterly Journal of the All India Institute of Local Government, Bombay
909 _a21394
999 _c21394
_d21394